BIBLIOTHÈQUE DE LA MAISON DU MEXIQUE

Logo 1 Logo 2

La psicología social en la industria (notice nᵒ 12319)

détails MARC
000 -Sello discográfico
campo de control de longitud fija 01014nam a2200313 4500
005 - Identificación de versión
campo de control 20250925141645.0
035 ## - Otros números de control del sistema
Número de control del sistema 12301
099 ## - fechas locales
Tipo de ítem Koha LIBRO
100 ## - Datos de procesamiento general
Datos de procesamiento general 19930801d1977 m y1spay5003 ba
101 1# - Idioma del recurso
Idioma del texto, banda sonora, etc. Español; Castellano
Idioma de la obra original Inglés
105 ## - Campo de datos codificados: Material textual, monográfico
Datos codificados de monografía y 001zy
200 1# - Título y mención de responsabilidad
Título propio La psicología social en la industria
Designación general del material texto impreso
Primer mención de responsabilidad J.A.C. Brown
Declaración de responsabilidad subsiguiente traducción de Alfonso Corona Rentería
205 ## - Declaración de edición
Declaración de edición 6a reimpr de la 1a ed
210 ## - Publicación, distribución, etc.
Lugar de publicación, distribución, etc. México
Nombre del editor, distribuidor, etc. Fondo de Cultura Económica
Fecha de publicación, distribución, etc. 1977
215 ## - Descripción física
Designación de material específico y extensión del ítem 377 p
Dimensiones 17 cm
345 ## - Nota de información de adquisición
Fuente de adquisición/dirección de la suscripción [OBSOLETO] Donación
410 #1 - Series
Título Breviarios del Fondo de Cultura Económica
Número de volumen 137
454 #1 - Traducción de
Título The Social Psychology of Industry
606 ## - Término temático usado como materia
Elemento de entrada Psicología industrial
Número Koha 18965
700 ## - Nombre personal - Responsabilidad primaria
Elemento de entrada Brown
Parte del nombre distinta del elemento de entrada James Alexander Campbell
Fechas 1911-1964
Número Koha 18966
702 ## - Nombre personal - Responsabilidad secundaria
Elemento de entrada Corona Rentería
Parte del nombre distinta del elemento de entrada Alfonso
Número Koha 18967
801 #0 - Fuente de origen
Agencia cm
900 ## -
-- 1/9104
900 ## -
-- 710934764\\010893
942 ## - ELEMENTOS DE ENTRADA SECUNDARIOS (KOHA)
Tipo de ítem Koha Livre
996 ## -
-- MEX
-- 751145101
-- MMAG
-- 004613
-- 082.1 B846 V.137
-- 20210326LIV
Exemplaires
Estatus retirado Estado de daño Estado de pérdida Fecha de adquisición Biblioteca de origen Biblioteca actual Ubicación en estantería Código de barras Precio de reemplazo Signatura topográfica completa No para préstamo Tipo de ítem Koha Nota pública Nota no pública
      05/08/2025 Casa México Paris Casa México Paris   004613 05/08/2025 082.1 B846 V.137   Livre 20210326LIV 751145101